ბათუმის შოთა რუსთაველის სახელმწიფო უნივერსიტეტის ბიბლიოთეკა

ბაზალეთი. ნ.1 (ბიბ.ჩანაწერი № 42741)

000 -LEADER
fixed length control field 00653nam a2200241Ia 4500
001 - CONTROL NUMBER
control field 9447
003 - CONTROL NUMBER IDENTIFIER
control field GE_BSU
008 - FIXED-LENGTH DATA ELEMENTS--GENERAL INFORMATION
fixed length control field 181216s||||||||xx |||||||||||||| ||und||
040 ## - CATALOGING SOURCE
Transcribing agency GE_BSU
080 ## - UNIVERSAL DECIMAL CLASSIFICATION NUMBER
Universal Decimal Classification number 821.353.1–11
100 ## - MAIN ENTRY--PERSONAL NAME
Personal name მოსაშვილი,ილო
245 ## - TITLE STATEMENT
Title ბაზალეთი. ნ.1
245 ## - TITLE STATEMENT
Remainder of title პოემა
245 ## - TITLE STATEMENT
Statement of responsibility, etc. რედ.ი.აბაშიძე
260 ## - PUBLICATION, DISTRIBUTION, ETC.
Place of publication, distribution, etc. თბილისი
260 ## - PUBLICATION, DISTRIBUTION, ETC.
Name of publisher, distributor, etc. ფედერაცია
260 ## - PUBLICATION, DISTRIBUTION, ETC.
Date of publication, distribution, etc. 1941
300 ## - PHYSICAL DESCRIPTION
Extent 130გვ.14სმ.
653 ## - INDEX TERM--UNCONTROLLED
Uncontrolled term ბაზალეთი
653 ## - INDEX TERM--UNCONTROLLED
Uncontrolled term პიესები
653 ## - INDEX TERM--UNCONTROLLED
Uncontrolled term პოემა
942 ## - ADDED ENTRY ELEMENTS (KOHA)
Koha item type წიგნი
ეგზემპლარები
Withdrawn status Lost status Damaged status Not for loan Date acquired Barcode Date last seen Price effective from Koha item type
        2018-12-17 32335 2018-12-17 2018-12-17 წიგნი